| 000 | 00767nam a2200205 i 4500 | ||
|---|---|---|---|
| 003 | IT-RoINE | ||
| 005 | 20170223121418.0 | ||
| 008 | 960822s1995 sp bd r ||1|||spa|d | ||
| 020 | _a8486547318 | ||
| 040 |
_aSpMaBN _cSpMaBN IT-RoINE _dIT-RoINE |
||
| 100 | 1 |
_aSanz Sancho, Iluminado, _d1946- _931470 |
|
| 245 | 1 | 0 |
_aGeografía del Obispado de Córdoba en la baja edad media / _cIluminado Sanz Sancho. |
| 260 |
_aMadrid : _bPolifemo, _c1995. |
||
| 300 |
_aIX, 203 p. : _bmapas, cuad. ; _c24 cm. |
||
| 500 | _aIncluye índice. | ||
| 504 | _aFuentes y bibliografía: p. [3]-12. | ||
| 610 | 2 | 4 |
_aCórdoba (España : Diócesis) _xHistoria _ySiglos 12o.-15o. _931471 |
| 651 | 4 |
_aCórdoba (España) _xGeografía histórica _ySiglos 12o.-15o. _931472 |
|
| 942 | _cMTS | ||
| 999 |
_c15660 _d15660 |
||